| 000 | 01094nam a2200241Ia 4500 | ||
|---|---|---|---|
| 003 | Ost | ||
| 005 | 20260507075411.0 | ||
| 008 | 260507s9999||||xx |||||||||||||| ||und|| | ||
| 020 | _a299316977 | ||
| 040 | _cfsecg | ||
| 041 | _aara | ||
| 082 | _a330 | ||
| 100 |
_aشحاتة، حسين حسين _eمؤلف |
||
| 245 | 0 |
_aفقه ومحاسبة زكاة الشركات / _c حسين حسين شحاتة |
|
| 260 |
_aالقاهرة: _bدار النشر للجامعات, _c2009 |
||
| 300 |
_a128 صفحة؛ _bإيضاحات ؛ _c25 سم |
||
| 504 | _aالمراجع ص.117 | ||
| 520 | _aيضم الأحكام الفقهية لزكاة الشركات، الأسس المحاسبية لحساب زكاة الشركات، الإجراءات العملية لحساب زكاة الشركات، نماذج تطبيقية على حساب زكاة الشركات، تساؤولات معاصرة حول زكاة الشركات والإجابة عليها | ||
| 653 | _aالإقتصاد الإسلامي | ||
| 653 | _aالزكاة | ||
| 653 | _aالشركات- محاسبة | ||
| 942 | _cكتاب | ||
| 999 |
_c44400 _d44400 |
||